00831nam a22002417a 450000500170000001000130001702000110003003500130004103700160005404000120007008200150008210000320009724500560012924600060018526000460019130000320023750000410026965000560031065000540036694200240042099900190044495201260046320170124105951.0 aA-709818 c200.00 aA-709818 bCen Lib/Ret aDPLbEN a230.1bLID aLidchi, Maggi Grassi913646 aThe battle of Kurukshetra /cby Maggi Lidchi Grassi b  bA Writers Workshop Greenbird Books c1987 a421p. :c20cm(Hb)bcol.ill. aIncludes bibliographical references. aIndia -- History -- To 324 B.C. -- Fiction. 913647 aKurukshetra (India) -- History -- Fiction.913648 2ddccENh230.1mLID c125299d125299 00104070aLbLd2015-06-20eCen Lib/Retg200.00l0o230.1 LIDpA-709818r2015-06-20 00:00:00t1v200.00w2015-06-20yEN